[Event "SVR-ch MAT-I 35th"]
[Site "Nickenich"]
[Date "2012.04.01"]
[Round "4"]
[White "Bruziks, George"]
[Black "Thier, Simon"]
[Result "1/2-1/2"]
[WhiteElo "1891"]
[BlackElo "1934"]
[PlyCount "28"]
[EventDate "2012.03.30"]
[EventType "tourn"]
[EventRounds "9"]
[EventCountry "GER"]
[SourceTitle "EXT 2013"]
[Source "ChessBase"]
[SourceDate "2012.11.22"]
[SourceVersion "1"]
[SourceVersionDate "2012.11.22"]
[SourceQuality "1"]

1. e4 c5 2. Nf3 e6 3. c3 d5 4. exd5 exd5 5. d4 Nf6 6. Bg5 cxd4 7. Nxd4 Be7 8. Bb5+ Bd7 9. Qa4 0-0 10. 0-0 h6 11. Bxf6 Bxf6 12. Bxd7 Nxd7 13. Na3 Nc5 14. Qd1 Qc7 1/2-1/2

[Event "SVR-ch MAT-I 35th"]
[Site "Nickenich"]
[Date "2012.04.01"]
[Round "5"]
[White "Thier, Simon"]
[Black "Zirwes, Hans Juergen"]
[Result "1/2-1/2"]
[WhiteElo "1934"]
[BlackElo "1849"]
[PlyCount "63"]
[EventDate "2012.03.30"]
[EventType "tourn"]
[EventRounds "9"]
[EventCountry "GER"]
[SourceTitle "EXT 2013"]
[Source "ChessBase"]
[SourceDate "2012.11.22"]
[SourceVersion "1"]
[SourceVersionDate "2012.11.22"]
[SourceQuality "1"]

1. e4 c6 2. c4 e5 3. Nf3 d6 4. d4 Bg4 5. Qb3 Qb6 6. Qxb6 axb6 7. Be3 Bxf3 8. gxf3 c5 9. dxe5 dxe5 10. Nc3 Nf6 11. Bg5 Be7 12. Bxf6 Bxf6 13. Nd5 Bd8 14. a3 Nc6 15. Be2 Nd4 16. Rc1 Kd7 17. Nc3 Kc6 18. Nb5 Bg5 19. Nxd4+ exd4 20. Rd1 Bf4 21. Rg1 g6 22. h4 h5 23. Bd3 Rhg8 24. Ke2 Kd6 25. e5+ Kc7 26. Be4 Rge8 27. Kd3 Rxe5 28. Bd5 Re7 29. Rde1 Rae8 30. Re4 Rxe4 31. fxe4 Re7 32. b4 1/2-1/2

[Event "SVR-ch MAT-I 35th"]
[Site "Nickenich"]
[Date "2012.03.31"]
[Round "2"]
[White "Graf, Rodolfo"]
[Black "Thier, Simon"]
[Result "0-1"]
[WhiteElo "1721"]
[BlackElo "1934"]
[PlyCount "52"]
[EventDate "2012.03.30"]
[EventType "tourn"]
[EventRounds "9"]
[EventCountry "GER"]
[SourceTitle "EXT 2013"]
[Source "ChessBase"]
[SourceDate "2012.11.22"]
[SourceVersion "1"]
[SourceVersionDate "2012.11.22"]
[SourceQuality "1"]

1. d4 Nf6 2. c4 g6 3. Nc3 d5 4. cxd5 Nxd5 5. e4 Nxc3 6. bxc3 Bg7 7. Bc4 c5 8. Ne2 0-0 9. 0-0 Nc6 10. Be3 Na5 11. Bb5 a6 12. Ba4 Nc4 13. Bc1 e5 14. d5 b5 15. Bc2 f5 16. a4 Bd7 17. f3 Qb6 18. Bd3 Nd6 19. Be3 bxa4 20. c4 Rab8 21. Nc3 Rfc8 22. Nxa4 Bxa4 23. Rxa4 Qb3 24. Rxa6 fxe4 25. fxe4 Nxe4 26. Qf3 Qxd3 0-1

[Event "SVR-ch MAT-I 35th"]
[Site "Nickenich"]
[Date "2012.03.31"]
[Round "3"]
[White "Thier, Simon"]
[Black "Warkentin, Peter"]
[Result "1/2-1/2"]
[WhiteElo "1934"]
[BlackElo "1784"]
[PlyCount "42"]
[EventDate "2012.03.30"]
[EventType "tourn"]
[EventRounds "9"]
[EventCountry "GER"]
[SourceTitle "EXT 2013"]
[Source "ChessBase"]
[SourceDate "2012.11.22"]
[SourceVersion "1"]
[SourceVersionDate "2012.11.22"]
[SourceQuality "1"]

1. Nf3 d5 2. g3 Nf6 3. Bg2 Bf5 4. c4 e6 5. 0-0 c6 6. b3 h6 7. Bb2 Nbd7 8. d3 Be7 9. Nbd2 0-0 10. Re1 Qb6 11. e4 Bh7 12. h3 dxe4 13. Nxe4 Nxe4 14. dxe4 Rfd8 15. Qe2 Bf6 16. e5 Be7 17. Bd4 Bc5 18. Rad1 Nf8 19. Qe3 Bxd4 20. Nxd4 Ng6 21. Be4 Rd7 1/2-1/2

[Event "GER-ch Net qual1 U18"]
[Site "Playchess.com INT"]
[Date "2009.05.10"]
[Round "6"]
[White "Poetsch, Hagen"]
[Black "Thier, Simon"]
[Result "1-0"]
[WhiteElo "2281"]
[BlackElo "2074"]
[PlyCount "29"]
[EventDate "2009.05.10"]
[EventType "swiss (blitz)"]
[EventRounds "7"]
[EventCountry "GER"]
[SourceTitle "CBM 130 Extra"]
[Source "ChessBase"]
[SourceDate "2009.07.02"]
[SourceVersion "2"]
[SourceVersionDate "2009.07.15"]
[SourceQuality "1"]

1. e4 c6 2. Nf3 d5 3. Nc3 dxe4 4. Nxe4 Bf5 5. Ng3 Bg6 6. h4 h6 7. Ne5 Bh7 8. Qh5 g6 9. Qf3 Nf6 10. Qb3 Bg8 11. Qxb7 Nbd7 12. Nxc6 Qc8 13. Ba6 Nb6 14. Qxc8+ Nxc8 15. Bb7 1-0

[Event "GER-ch Net qual1 U18"]
[Site "Playchess.com INT"]
[Date "2009.05.10"]
[Round "1"]
[White "Thier, Simon"]
[Black "Reichert, Viktor"]
[Result "1-0"]
[WhiteElo "2074"]
[BlackElo "1465"]
[PlyCount "81"]
[EventDate "2009.05.10"]
[EventType "swiss (blitz)"]
[EventRounds "7"]
[EventCountry "GER"]
[SourceTitle "CBM 130 Extra"]
[Source "ChessBase"]
[SourceDate "2009.07.02"]
[SourceVersion "2"]
[SourceVersionDate "2009.07.15"]
[SourceQuality "1"]

1. d4 Nf6 2. c4 g6 3. Nc3 Bg7 4. g3 0-0 5. Bg2 d6 6. Nf3 Nbd7 7. 0-0 Qe8 8. Qc2 e5 9. dxe5 dxe5 10. e4 Nh5 11. b3 f5 12. Ba3 c5 13. Nd5 Qd8 14. Rad1 f4 15. b4 b6 16. bxc5 bxc5 17. Qa4 g5 18. g4 Nhf6 19. Nxg5 Re8 20. Nxf6+ Bxf6 21. Nf3 Re7 22. g5 Bg7 23. Bxc5 Rf7 24. Bd6 Qe8 25. c5 Bb7 26. Rb1 Nxc5 27. Qxe8+ Rxe8 28. Bxc5 Bxe4 29. Rbe1 Bd3 30. Nd2 Bxf1 31. Bxf1 Rf5 32. Ne4 h6 33. h4 hxg5 34. hxg5 a5 35. Kg2 f3+ 36. Kg3 Rf4 37. Bc4+ Kh7 38. Bd3 Kg8 39. g6 Rd8 40. Bc4+ Kh8 41. Rh1+ 1-0

[Event "GER-ch U25"]
[Site "Willingen"]
[Date "2007.06.01"]
[Round "9"]
[White "Thier, Simon"]
[Black "Lehmann, Ruben"]
[Result "1-0"]
[WhiteElo "1791"]
[BlackElo "1794"]
[PlyCount "75"]
[EventDate "2007.05.26"]
[EventType "swiss"]
[EventRounds "9"]
[EventCountry "GER"]
[SourceTitle "CBM 118 Extra"]
[Source "ChessBase"]
[SourceDate "2007.07.04"]
[SourceVersion "1"]
[SourceVersionDate "2007.07.04"]
[SourceQuality "1"]

1. d4 Nf6 2. c4 c5 3. d5 b5 4. cxb5 a6 5. bxa6 Bxa6 6. Nc3 d6 7. g3 g6 8. Bg2 Bg7 9. Nf3 0-0 10. 0-0 Nbd7 11. Re1 Qa5 12. Bd2 Rfb8 13. b3 Bb5 14. Rb1 Ne8 15. Nxb5 Qxb5 16. a4 Qa6 17. e4 Ra7 18. Qc2 Rab7 19. Bf1 Qa7 20. Bc3 Bxc3 21. Qxc3 Rb4 22. Nd2 f6 23. h4 Ne5 24. Nc4 R8b7 25. f4 Nxc4 26. Bxc4 Nc7 27. e5 Kf7 28. Qf3 Na8 29. exf6 exf6 30. f5 Nb6 31. Bb5 c4 32. Kh1 Rxb3 33. Rxb3 cxb3 34. fxg6+ hxg6 35. Re6 f5 36. Be8+ Kf8 37. Qc3 Rg7 38. Bxg6 1-0

[Event "GER-ch U25"]
[Site "Willingen"]
[Date "2007.05.30"]
[Round "7"]
[White "Thier, Simon"]
[Black "Kahleys, Kevin"]
[Result "1-0"]
[WhiteElo "1791"]
[BlackElo "1660"]
[PlyCount "49"]
[EventDate "2007.05.26"]
[EventType "swiss"]
[EventRounds "9"]
[EventCountry "GER"]
[SourceTitle "CBM 118 Extra"]
[Source "ChessBase"]
[SourceDate "2007.07.04"]
[SourceVersion "1"]
[SourceVersionDate "2007.07.04"]
[SourceQuality "1"]

1. d4 Nf6 2. c4 e6 3. Nc3 Bb4 4. e3 c5 5. Bd3 d5 6. Nf3 Nc6 7. 0-0 0-0 8. a3 Bxc3 9. bxc3 b6 10. cxd5 exd5 11. Nd2 Ne7 12. f3 Nf5 13. Re1 cxd4 14. cxd4 Re8 15. Nf1 Nd6 16. Ng3 Bb7 17. a4 Rc8 18. Nf5 Nc4 19. g4 g6 20. Ng3 h6 21. Ra2 Qd7 22. h4 h5 23. gxh5 gxh5 24. Bf5 Qc7 25. Rg2 1-0

[Event "GER-ch U25"]
[Site "Willingen"]
[Date "2007.05.29"]
[Round "5"]
[White "Thier, Simon"]
[Black "Glaesser, Tim"]
[Result "1-0"]
[WhiteElo "1791"]
[BlackElo "1569"]
[PlyCount "43"]
[EventDate "2007.05.26"]
[EventType "swiss"]
[EventRounds "9"]
[EventCountry "GER"]
[SourceTitle "CBM 118 Extra"]
[Source "ChessBase"]
[SourceDate "2007.07.04"]
[SourceVersion "1"]
[SourceVersionDate "2007.07.04"]
[SourceQuality "1"]

1. d4 d5 2. c4 Nf6 3. Nc3 e6 4. Bg5 b6 5. cxd5 exd5 6. Bxf6 gxf6 7. g3 Bb7 8. Bg2 h5 9. h4 Rg8 10. e3 Rh8 11. Nh3 c6 12. Nf4 Bd6 13. Nxh5 Nd7 14. Qg4 Qe7 15. Ng7+ Kd8 16. Nf5 Qe6 17. Bh3 Bf8 18. 0-0 Ba6 19. Rfe1 Kc7 20. e4 dxe4 21. Rxe4 Qc4 22. Nd6 1-0

[Event "GER-ch U25"]
[Site "Willingen"]
[Date "2007.05.26"]
[Round "1"]
[White "Bauer, Hermann"]
[Black "Thier, Simon"]
[Result "0-1"]
[WhiteElo "1266"]
[BlackElo "1791"]
[PlyCount "82"]
[EventDate "2007.05.26"]
[EventType "swiss"]
[EventRounds "9"]
[EventCountry "GER"]
[SourceTitle "CBM 118 Extra"]
[Source "ChessBase"]
[SourceDate "2007.07.04"]
[SourceVersion "1"]
[SourceVersionDate "2007.07.04"]
[SourceQuality "1"]

1. d4 Nf6 2. Bf4 d6 3. e3 g6 4. h3 Bg7 5. Nd2 Nbd7 6. Ngf3 0-0 7. Bh2 Re8 8. Be2 e5 9. dxe5 Nxe5 10. 0-0 Bd7 11. Re1 Bc6 12. c3 Nfd7 13. Qc2 Rb8 14. Nd4 Bd5 15. Red1 Nc6 16. N2f3 f5 17. Nb3 Be4 18. Bd3 Bxf3 19. gxf3 Nce5 20. Be2 Kh8 21. Kh1 Nf7 22. Rg1 Qh4 23. Bf1 Qf6 24. Bg3 g5 25. f4 g4 26. hxg4 fxg4 27. Kg2 Qe6 28. Rh1 Nf6 29. Rd1 Ne4 30. Bd3 d5 31. Rh2 Nfd6 32. Rdh1 h6 33. Nd4 Qd7 34. Qe2 c5 35. Nb5 Nxg3 36. Kxg3 c4 37. Nxd6 cxd3 38. Rxh6+ Bxh6 39. Rxh6+ Kg7 40. Rg6+ Kxg6 41. Qxd3+ Kf6 0-1